Southville International School and Colleges
Your cart is empty.
  • Cart
  • Lists
    Public lists Eva Luna New books Lux_list list_1
    Your lists Log in to create your own lists
  • Log in to your account
  • Your cookies
  • Search history
Southville International School and Colleges
  • Advanced search
  • Recent comments
  • Most popular
  • Libraries

Log in to your account

Log in with GOOGLE


If you do not have an external account, but do have a local account, you can still log in:

  1. Home
  2. MARC view: Tale of ginger and pickles, The /
Normal view MARC view ISBD view

Tale of ginger and pickles, The / (Record no. 111904)

[ view plain ]
MARC details
000 -LEADER
fixed length control field 00461nam a2200169 a 4500
001 - CONTROL NUMBER
control field 1571
005 - DATE AND TIME OF LATEST TRANSACTION
control field 20140414131924.0
008 - FIXED-LENGTH DATA ELEMENTS--GENERAL INFORMATION
fixed length control field 010430s19uu xx 00 eng d
020 ## - INTERNATIONAL STANDARD BOOK NUMBER
International Standard Book Number 0-911078-8117-4
050 ## - LIBRARY OF CONGRESS CALL NUMBER
Classification number ER
Item number T14 1989
100 ## - MAIN ENTRY--PERSONAL NAME
Personal name Potter, Beatrix
245 ## - TITLE STATEMENT
Title Tale of ginger and pickles, The /
Statement of responsibility, etc by Beatrix Potter.
260 ## - PUBLICATION, DISTRIBUTION, ETC. (IMPRINT)
Place of publication, distribution, etc Chicago, Illinois :
Name of publisher, distributor, etc Allan,
Date of publication, distribution, etc 1989.
300 ## - PHYSICAL DESCRIPTION
Extent 59 p. : ill. ; cm.
650 ## - SUBJECT ADDED ENTRY--TOPICAL TERM
Topical term or geographic name as entry element Children stories.
Holdings
Withdrawn status Lost status Damaged status Use restrictions Home library Current library Shelving location Date acquired Source of acquisition Total Checkouts Full call number Barcode Date last seen Price effective from Koha item type
        Munich Library Munich Library Easy Reading Section 12/22/2004     ER T14 1989 M2823 04/14/2014 04/14/2014 Books

Tale of ginger and pickles, The /

APA

Potter B., . (1989). Tale of ginger and pickles, The. Chicago, Illinois: Allan.

Chicago

Potter Beatrix, . 1989. Tale of ginger and pickles, The. Chicago, Illinois: Allan.

Harvard

Potter B., . (1989). Tale of ginger and pickles, The. Chicago, Illinois: Allan.

MLA

Potter Beatrix, . Tale of ginger and pickles, The. Chicago, Illinois: Allan. 1989.

  • Place hold
  • Print
  • Cite
  • Add to your cart (remove)
  • Save record
    BIBTEX Dublin Core MARCXML MARC (non-Unicode/MARC-8) MARC (Unicode/UTF-8) MARC (Unicode/UTF-8, Standard) MODS (XML) RIS
  • More searches
    Search for this title in:
    Other Libraries (WorldCat) Other Databases (Google Scholar) Online Stores (Bookfinder.com) Open Library (openlibrary.org)

Exporting to Dublin Core...

SOUTHVILLE LIBRARY

Southville International School and Colleges Library

1281 Tropical Ave. Cor. Luxembourg St., BF Homes International, Las Pinas City

Tel. No. 8256374 / 252358 Loc. 117/146

Powered by Koha